| 000 | 01163nam a22003017a 4500 | ||
|---|---|---|---|
| 001 | 8797 | ||
| 003 | FISKH | ||
| 005 | 20251021111950.0 | ||
| 008 | 251021b cb ||||| |||| 00| 0 eng d | ||
| 020 | _a9780194236393 | ||
| 040 |
_aFISKH _beng _cFISKH _dFISKH |
||
| 050 | _aPE1127.A29 H37 | ||
| 082 | _a428.6 | ||
| 100 | _aHardy-Gould, Janet | ||
| 245 |
_aMarco Polo and the silk road / _cBy Janet Hardy -Gould |
||
| 260 |
_aOxford : _bOxford University Press , _c2010. |
||
| 300 |
_a56 pages : _bcolor illustrations ; _c21 cm . |
||
| 490 | _aOxford Bookworms | ||
| 505 | _aZ | ||
| 520 | _aThis full-colour, non-fiction series presents an engaging range of topics such as environmental issues, historical facts, and culture. Each title features colour photographs, exercises, a glossary, and information about the author. Four levels are available to help you find the right level foryour students. | ||
| 521 | 8 |
_a950
_bLexile estimate |
|
| 521 | 8 |
_aZ
_bRaz-Plus |
|
| 650 |
_aBiography _vNon-fiction |
||
| 650 |
_aAdventure _vNon-fiction |
||
| 700 |
_aBull, Peter _eIllustrator pages 14, 18 |
||
| 942 |
_2ddc _cBK _n0 |
||
| 999 |
_c8797 _d8797 |
||